Text Analytics with Python : (Record no. 36953)

MARC details
000 -LEADER
fixed length control field 00553nam a22001817a 4500
005 - DATE AND TIME OF LATEST TRANSACTION
control field 20250702120310.0
008 - FIXED-LENGTH DATA ELEMENTS--GENERAL INFORMATION
fixed length control field 250702b |||||||| |||| 00| 0 eng d
020 ## - INTERNATIONAL STANDARD BOOK NUMBER
ISBN 9781484223871
082 ## - DEWEY DECIMAL CLASSIFICATION NUMBER
Classification number 005.8
Item number NEL-P
100 ## - MAIN ENTRY--AUTHOR
Author Name Nelli, Fabio
245 ## - TITLE STATEMENT
Title Text Analytics with Python :
Remainder of title A Practical Real-World Approach to Gaining Actionable Insights from your Data /
Statement of responsibility, etc. Fabio Nelli
250 ## - EDITION STATEMENT
Edition statement 3rd ed.
260 ## - PUBLICATION, DISTRIBUTION, ETC.
Place of Publication USA:
Name of publisher, distributor, etc. Elsevier;
Date of publication, distribution, etc. 2024.
300 ## - PHYSICAL DESCRIPTION
Pages xiv, 445 p. :
500 ## - GENERAL NOTE
General note include index.
650 ## - SUBJECT ADDED ENTRY--TOPICAL TERM
Subject / Department Datascience
300 ## - PHYSICAL DESCRIPTION
-- ill;
-- 24 cm.
952 ## - LOCATION AND ITEM INFORMATION (KOHA)
-- 0
-- 0
Holdings
Lost status Damaged status Collection code Permanent Location Current Location Shelving Location Date acquired Full Call Number Accession No./Barcode Date last seen item type Koha item type
    CS/IT Superior Information Resource Center (SIRC) Superior University- Gold Campus Superior Information Resource Center (SIRC) Superior University- Gold Campus Data Science 07/02/2025 005.8 NEL-P 2024 30256 09/17/2025 BOOK BOOK

Powered by Koha